00413nam a22001457a 4500008004100000040001800041041000800059100003000067245005800097260004700155300001700202500002100219650001200240650001500252130821s1925 fr gr fre  aCo-BoUCMbspa00afre aHearn, Lafcadio,1850-190400aEn glanant dans les Champs de BouddhacLafcadio Hearn aParís (Francia)bMercvre de Francec1925 a258páginas aIncluye índice04aBudismo04aReligiones